<?xml version="1.0" encoding="UTF-8"?>
<collection xmlns="http://www.loc.gov/MARC21/slim">
 <record>
  <leader>01079nam a22002777a 4500</leader>
  <controlfield tag="001">41956</controlfield>
  <controlfield tag="003">BD-DhAAL</controlfield>
  <controlfield tag="005">20231107154304.0</controlfield>
  <controlfield tag="008">231107t2023    enk      b    001 0 eng d</controlfield>
  <datafield tag="020" ind1=" " ind2=" ">
   <subfield code="a">9781071869819</subfield>
  </datafield>
  <datafield tag="040" ind1=" " ind2=" ">
   <subfield code="a">BD-DhAAL</subfield>
   <subfield code="c">BD-DhAAL</subfield>
  </datafield>
  <datafield tag="082" ind1="0" ind2="0">
   <subfield code="a">808.02</subfield>
   <subfield code="2">23</subfield>
  </datafield>
  <datafield tag="100" ind1="1" ind2=" ">
   <subfield code="a">Bloomberg, Linda Dale.</subfield>
   <subfield code="9">55782</subfield>
  </datafield>
  <datafield tag="245" ind1="1" ind2="0">
   <subfield code="a">Completing your qualitative dissertation :</subfield>
   <subfield code="b">a road map from beginning to end /</subfield>
   <subfield code="c">Linda Dale Bloomberg.</subfield>
  </datafield>
  <datafield tag="250" ind1=" " ind2=" ">
   <subfield code="a">Fifth edition.</subfield>
  </datafield>
  <datafield tag="264" ind1=" " ind2="1">
   <subfield code="a">Los Angeles :</subfield>
   <subfield code="b">SAGE,</subfield>
   <subfield code="c">2023.</subfield>
  </datafield>
  <datafield tag="300" ind1=" " ind2=" ">
   <subfield code="a">xlix, 497 pages ;</subfield>
   <subfield code="c">24 cm.</subfield>
  </datafield>
  <datafield tag="504" ind1=" " ind2=" ">
   <subfield code="a">Includes bibliographical references (pages 463-483) and index.</subfield>
  </datafield>
  <datafield tag="526" ind1=" " ind2=" ">
   <subfield code="a">ENH</subfield>
  </datafield>
  <datafield tag="541" ind1=" " ind2=" ">
   <subfield code="a">Book Finder International</subfield>
   <subfield code="e">41956</subfield>
  </datafield>
  <datafield tag="650" ind1=" " ind2="0">
   <subfield code="a">Qualitative research.</subfield>
  </datafield>
  <datafield tag="650" ind1=" " ind2="0">
   <subfield code="a">Dissertations, Academic.</subfield>
  </datafield>
  <datafield tag="852" ind1=" " ind2=" ">
   <subfield code="a">Ayesha Abed Library</subfield>
   <subfield code="c">General Stacks</subfield>
  </datafield>
  <datafield tag="942" ind1=" " ind2=" ">
   <subfield code="2">ddc</subfield>
   <subfield code="c">BK</subfield>
  </datafield>
  <datafield tag="999" ind1=" " ind2=" ">
   <subfield code="c">46021</subfield>
   <subfield code="d">46021</subfield>
  </datafield>
  <datafield tag="952" ind1=" " ind2=" ">
   <subfield code="0">0</subfield>
   <subfield code="1">0</subfield>
   <subfield code="2">ddc</subfield>
   <subfield code="4">0</subfield>
   <subfield code="6">808_020000000000000_BLO</subfield>
   <subfield code="7">0</subfield>
   <subfield code="9">74799</subfield>
   <subfield code="a">BRACUL</subfield>
   <subfield code="b">BRACUL</subfield>
   <subfield code="c">GEN</subfield>
   <subfield code="d">2023-11-07</subfield>
   <subfield code="e">Book Finder International</subfield>
   <subfield code="g">7420.82</subfield>
   <subfield code="l">1</subfield>
   <subfield code="m">6</subfield>
   <subfield code="o">808.02 BLO</subfield>
   <subfield code="p">3010041956</subfield>
   <subfield code="q">2026-05-21</subfield>
   <subfield code="r">2024-01-23</subfield>
   <subfield code="s">2024-01-23</subfield>
   <subfield code="t">1</subfield>
   <subfield code="v">7420.82</subfield>
   <subfield code="w">2023-11-07</subfield>
   <subfield code="y">BK</subfield>
  </datafield>
 </record>
</collection>
